000 00593nam a22002057a 4500
003 0
005 20251111084723.0
008 251111b xxu||||| |||| 00| 0 eng d
020 _a978-0-00-717875-9
050 _aPR 6053.A4425
_b.K46 2008
100 _aKent, Gordon,
_eauthor.
245 _aThe Falconer's tale /
_cGordon Kent.
260 _aLondon :
_bHarperCollins Publishers,
_c2008.
300 _a390 pages ;
_c18 cm.
650 _aThrillers (Fiction).
650 _aIntelligence service
_xFiction.
650 _aEspionage
_xFiction.
650 _aPolitical fiction.
942 _2lcc
_cBK
999 _c368552
_d368552